| 000 | 00418nam a2200169Ia 4500 | ||
|---|---|---|---|
| 003 | OSt | ||
| 005 | 20251204123911.0 | ||
| 040 | _cLC | ||
| 050 |
_aPR 2823 .T 58 1922 _b1 |
||
| 100 | _aTHURBER,SAMUEL | ||
| 245 | 0 | _aSHAKESPEAR MACBETH | |
| 260 |
_aBOSTON, _b Allyn and Bacon, _c1922 |
||
| 300 | _aXii, 324 P, ILL | ||
| 650 | _a Macbeth (Shakespeare, William) | ||
| 710 | _aWITHAM, ADELAIDE R | ||
| 942 |
_cBK _2lcc _n0 |
||
| 999 |
_c178747 _d178747 |
||